[Event "Le Touquet op 26th"]
[Site "Le Touquet"]
[Date "2011.10.27"]
[Round "8"]
[White "Lesot, Jeremy"]
[Black "Loiseau, Quentin"]
[Result "0-1"]
[WhiteElo "2069"]
[BlackElo "2174"]
[PlyCount "68"]
[EventDate "2011.10.22"]
[EventType "swiss"]
[EventRounds "9"]
[EventCountry "FRA"]
[SourceTitle "EXT 2012"]
[Source "ChessBase"]
[SourceDate "2011.11.24"]
[SourceVersion "1"]
[SourceVersionDate "2011.11.24"]
[SourceQuality "1"]

1. e4 e5 2. Nf3 Nc6 3. Bb5 a6 4. Ba4 Nf6 5. d4 exd4 6. 0-0 Be7 7. Re1 0-0 8. e5 Nd5 9. c3 Nb6 10. Bxc6 dxc6 11. Qxd4 Qxd4 12. Nxd4 c5 13. Nb3 Be6 14. Be3 Na4 15. N1d2 b6 16. Rab1 Bf5 17. Nc4 Bxb1 18. Rxb1 Rfd8 19. Kf1 Rd5 20. Bf4 Rad8 21. Ke2 Bf8 22. Ncd2 b5 23. Ne4 Re8 24. Kf3 Nb6 25. Na5 Nd7 26. e6 Rxe6 27. Bxc7 Rd3+ 28. Kf4 g6 29. g4 f5 30. Ng5 Bh6 31. gxf5 Rf6 32. Ke4 c4 33. fxg6 hxg6 34. f4 Nc5+ 0-1

[Event "Le Touquet op 26th"]
[Site "Le Touquet"]
[Date "2011.10.23"]
[Round "2"]
[White "Lesot, Jeremy"]
[Black "Song, Julien"]
[Result "0-1"]
[WhiteElo "2069"]
[BlackElo "2314"]
[PlyCount "104"]
[EventDate "2011.10.22"]
[EventType "swiss"]
[EventRounds "9"]
[EventCountry "FRA"]
[SourceTitle "EXT 2012"]
[Source "ChessBase"]
[SourceDate "2011.11.24"]
[SourceVersion "1"]
[SourceVersionDate "2011.11.24"]
[SourceQuality "1"]

1. e4 e6 2. d4 d5 3. Nc3 Nf6 4. Bg5 dxe4 5. Nxe4 Be7 6. Bxf6 gxf6 7. Nf3 f5 8. Nc3 a6 9. g3 b5 10. Bg2 Bb7 11. 0-0 0-0 12. Ne5 Bxg2 13. Kxg2 c5 14. dxc5 Qc7 15. Nd3 Bf6 16. Qh5 Nd7 17. Kg1 Rac8 18. Rae1 Nxc5 19. Nf4 Rfd8 20. Nh3 b4 21. Nd1 Ne4 22. Rxe4 fxe4 23. Ng5 Bxg5 24. Qxg5+ Kf8 25. Qh6+ Ke8 26. Ne3 Qe5 27. Qxh7 Rc6 28. b3 Kf8 29. h4 Rd4 30. Qh6+ Ke7 31. g4 Rd8 32. Nc4 Rxc4 33. bxc4 Rg8 34. g5 Rh8 35. Qf6+ Qxf6 36. gxf6+ Kxf6 37. Rb1 a5 38. c3 bxc3 39. Rc1 Ke5 40. Rxc3 Kd4 41. Ra3 Rh5 42. Ra4 Rc5 43. h5 Rxh5 44. c5+ Kd3 45. Ra3+ Kd2 46. Rxa5 Ke2 47. Ra3 Rg5+ 48. Rg3 e3 49. Rxg5 exf2+ 50. Kh2 f1Q 51. Rg3 Qf4 52. Kh3 Kf2 0-1

[Event "Fourmies op 35th"]
[Site "Fourmies"]
[Date "2011.06.12"]
[Round "5"]
[White "Lesot, Jeremy"]
[Black "Capone, Nicola"]
[Result "0-1"]
[WhiteElo "2085"]
[BlackElo "1970"]
[PlyCount "94"]
[EventDate "2011.06.11"]
[EventType "swiss"]
[EventRounds "7"]
[EventCountry "FRA"]
[SourceTitle "CBM 142 Extra"]
[Source "ChessBase"]
[SourceDate "2011.06.27"]
[SourceVersion "1"]
[SourceVersionDate "2011.06.27"]
[SourceQuality "1"]

1. c4 e5 2. g3 Nf6 3. Bg2 c6 4. d4 e4 5. Nc3 Bb4 6. Qb3 Bxc3+ 7. Qxc3 d5 8. cxd5 Qxd5 9. Qc5 Qxc5 10. dxc5 Na6 11. Bg5 Bf5 12. Bxf6 gxf6 13. Rc1 0-0-0 14. a3 Rd5 15. b4 Rhd8 16. Nh3 Bxh3 17. Bxh3+ f5 18. 0-0 Nc7 19. Rc3 Re5 20. Rb3 Rd2 21. Re1 Ne6 22. e3 Red5 23. Bf1 Rc2 24. Bh3 Ng5 25. Bg2 Rdd2 26. Rf1 f6 27. Rbb1 Kd7 28. Rfd1 Ke6 29. Rxd2 Rxd2 30. Ra1 Nf7 31. g4 Ne5 32. gxf5+ Kd5 33. Rc1 b6 34. Bf1 Nd3 35. cxb6 axb6 36. Rc3 c5 37. bxc5 bxc5 38. f3 Ne1 39. fxe4+ Kxe4 40. Bb5 Nf3+ 41. Kf1 Nxh2+ 42. Ke1 Nf3+ 43. Kf1 Ne5 44. Rxc5 h5 45. Rc8 h4 46. Rh8 Kf3 47. Bc6+ Nxc6 0-1

[Event "Fourmies op 35th"]
[Site "Fourmies"]
[Date "2011.06.11"]
[Round "2"]
[White "David, Alberto"]
[Black "Lesot, Jeremy"]
[Result "1-0"]
[WhiteElo "2593"]
[BlackElo "2085"]
[PlyCount "63"]
[EventDate "2011.06.11"]
[EventType "swiss"]
[EventRounds "7"]
[EventCountry "FRA"]
[SourceTitle "CBM 142 Extra"]
[Source "ChessBase"]
[SourceDate "2011.06.27"]
[SourceVersion "1"]
[SourceVersionDate "2011.06.27"]
[SourceQuality "1"]

1. d4 d6 2. Nf3 g6 3. e4 Bg7 4. Bc4 Nf6 5. Qe2 0-0 6. 0-0 c6 7. e5 Nd5 8. h3 Na6 9. Bxa6 bxa6 10. c4 Nc7 11. Nc3 d5 12. b3 Ne6 13. Rd1 a5 14. cxd5 cxd5 15. Qb5 Bd7 16. Qxd5 Rc8 17. Bb2 Bh6 18. Qe4 Nf4 19. Kh2 Bf5 20. Qe3 Kg7 21. Bc1 Qd7 22. Ne1 Rxc3 23. Qxc3 Rc8 24. Qf3 Rxc1 25. Raxc1 Nd5 26. Rc5 Be6 27. Rxa5 g5 28. Nd3 g4 29. hxg4 Nc3 30. Nc5 Bxg4 31. Nxd7 Bxf3 32. Rd3 1-0

[Event "Lille Luce op 1st"]
[Site "Lille"]
[Date "2010.04.05"]
[Round "4"]
[White "Cirrincione, Giansalvo"]
[Black "Lesot, Jeremy"]
[Result "0-1"]
[WhiteElo "1943"]
[BlackElo "2061"]
[PlyCount "42"]
[EventDate "2010.04.03"]
[EventType "swiss"]
[EventRounds "9"]
[EventCountry "FRA"]
[SourceTitle "EXT 2011"]
[Source "ChessBase"]
[SourceDate "2010.11.26"]
[SourceVersion "1"]
[SourceVersionDate "2010.11.26"]
[SourceQuality "1"]

1. d4 d6 2. Nf3 Nf6 3. Nc3 Nbd7 4. e4 e5 5. Bc4 Be7 6. Bg5 0-0 7. Qd2 c6 8. Bxf6 Bxf6 9. 0-0-0 Nb6 10. Bb3 exd4 11. Nxd4 c5 12. Nf3 c4 13. e5 dxe5 14. Qxd8 Rxd8 15. Rxd8+ Bxd8 16. Ba4 Bf6 17. Re1 e4 18. Rxe4 Bf5 19. Re8+ Rxe8 20. Bxe8 Bxc3 21. bxc3 Kf8 0-1

[Event "Saint Affrique op 16th"]
[Site "Saint Affrique"]
[Date "2008.07.20"]
[Round "2"]
[White "Lesot, Jeremy"]
[Black "Libiszewski, Fabien"]
[Result "0-1"]
[WhiteElo "2041"]
[BlackElo "2475"]
[PlyCount "138"]
[EventDate "2008.07.19"]
[EventType "swiss"]
[EventRounds "9"]
[EventCountry "FRA"]
[SourceTitle "CBM 125 Extra"]
[Source "ChessBase"]
[SourceDate "2008.09.01"]
[SourceVersion "1"]
[SourceVersionDate "2008.09.01"]
[SourceQuality "1"]

1. e4 e6 2. d4 d5 3. Nc3 Nf6 4. Bg5 Bb4 5. e5 h6 6. Bd2 Bxc3 7. bxc3 Ne4 8. Qg4 g6 9. Bd3 Nxd2 10. Kxd2 c5 11. h4 c4 12. Bf1 Nd7 13. Rh3 Qe7 14. a4 a5 15. Rf3 Nb6 16. Rf6 Bd7 17. Ne2 Nxa4 18. h5 0-0-0 19. g3 g5 20. Qf3 Be8 21. Bh3 Nb6 22. Qh1 Nd7 23. Rf3 b6 24. Qb1 Kc7 25. Re3 Nb8 26. f4 Bc6 27. f5 Nd7 28. Qh1 Ra8 29. Bg4 b5 30. Qh3 exf5 31. Bxf5 Nb6 32. g4 Kb7 33. Rf3 Rhf8 34. Rff1 f6 35. e6 Nc8 36. Rfb1 Qd6 37. Qf3 Ne7 38. Rb2 Ra6 39. Qe3 Kc7 40. Qg3 Rb8 41. Rbb1 Be8 42. Qxd6+ Kxd6 43. Ng3 Rba8 44. Re1 b4 45. Reb1 bxc3+ 46. Kxc3 a4 47. Rb7 Bc6 48. Rbb1 Nc8 49. Kd2 Ke7 50. Ra3 Nd6 51. Re3 a3 52. Ra1 a2 53. c3 Rb6 54. Kc1 Ra3 55. Bc2 Be8 56. Kd2 Ba4 57. Bxa4 Rb1 58. Re1 Rxe1 59. Kxe1 Rxa4 60. Nf5+ Kxe6 61. Nxh6 Ra8 62. Kd2 Rh8 63. Nf5 Nxf5 64. gxf5+ Kxf5 65. Rxa2 Rxh5 66. Ra5 Ke4 67. Ra6 Rh2+ 68. Kc1 f5 69. Re6+ Kd3 0-1

[Event "Metz op 23rd"]
[Site "Metz"]
[Date "2005.??.??"]
[Round "3"]
[White "Lesot, Jeremy"]
[Black "Krob, Laurent"]
[Result "1/2-1/2"]
[WhiteElo "1991"]
[BlackElo "2140"]
[PlyCount "40"]
[EventDate "2005.04.16"]
[EventType "swiss"]
[EventRounds "9"]
[EventCountry "FRA"]
[SourceTitle "EXT 2007"]
[Source "ChessBase"]
[SourceDate "2006.11.23"]
[SourceVersion "1"]
[SourceVersionDate "2006.11.23"]
[SourceQuality "1"]

1. e4 d6 2. d4 Nf6 3. Nc3 Nbd7 4. Nf3 e5 5. Bc4 Be7 6. 0-0 0-0 7. a4 c6 8. Re1 Qc7 9. Ba2 a5 10. Bg5 Re8 11. dxe5 dxe5 12. Nh4 Nf8 13. Nf5 Be6 14. Nxe7+ Qxe7 15. Qf3 N8d7 16. Bxe6 Qxe6 17. Rad1 h6 18. Bxf6 Nxf6 19. Rd3 Red8 20. Red1 Qe7 1/2-1/2